Mecanización integral del viñedo
-д хадгалсан:
| Үндсэн зохиолч: | |
|---|---|
| Формат: | Ном |
| Хэл сонгох: | испани |
| Хэвлэсэн: |
Bilbao
Mundi-Prensa
1994
|
| Хэвлэл: | 1a. ed |
| Нөхцлүүд: | |
| Шошгууд: |
Шошго нэмэх
Шошго байхгүй, Энэхүү баримтыг шошголох эхний хүн болох!
|
MARC
| LEADER | 00000nam a2200000 a 4500 | ||
|---|---|---|---|
| 001 | UCK4650 | ||
| 003 | CL-VaPUC | ||
| 008 | 050617e19940000SP |||||||||||||||||spa|d | ||
| 020 | |a 8471144999 | ||
| 082 | 0 | 4 | |a 634.8 |b MAR |2 21 |
| 100 | |a Martínez de Toda Fernández, Fernando |e autor |9 493233 | ||
| 245 | 1 | 0 | |a Mecanización integral del viñedo |
| 250 | |a 1a. ed | ||
| 300 | |a 123 p | ||
| 942 | |c BK | ||
| 945 | |d 20050617 00:00:00 |a cmena | ||
| 260 | |a Bilbao |b Mundi-Prensa |c 1994 | ||
| 650 | 0 | |a Viñedos |9 389603 | |
| 650 | 0 | |a Viticultura |9 301210 | |
| 650 | 7 | |a MAQUINARIA AGRICOLA |2 CL-VaPUC |9 264357 | |
| 650 | 0 | |a Suelos |9 260322 | |
| 650 | 0 | |a Riego |9 259685 | |
| 650 | 0 | |a Cultivo |9 264268 | |
| 583 | |a last modification |c 20050617 00:00:00 |k Rodrigo Vera | ||
| 999 | |c 313469 |d 313467 | ||
| 952 | |0 0 |1 0 |4 0 |6 634_800000000000000_MAR_1994 |7 0 |8 A |9 384835 |a BIBAGR |b BIBAGR |d 2019-11-22 |i 4139356 |l 1 |o 634.8 MAR 1994 |p 4139356 |r 2025-01-20 |s 2024-05-13 |w 2019-11-22 |y BK |k AGR | ||